000 00635nam a22001937a 4500
003 0
005 20230904093854.0
008 230904b xxu||||| |||| 00| 0 eng d
020 _a978-971-10-1358-5
050 _aDS 688
_b.M56 2017
245 _aMindanao muslim history : documentary sources from the advent of islam to the 1800s
260 _aDavao City
_bAteneo de Davao University
_cc2017.
300 _axi, 326 pages ;
_c23 cm.
500 _aMindanao island (Philippines)--history.
504 _aIncludes index.
650 _aMindanao island (Philippines)--history.
651 _aMuslim--Philippines.
942 _2lcc
_cBK
999 _c365247
_d365247